[Event "POL-ch Amateur"]
[Site "Wroclaw"]
[Date "2012.06.24"]
[Round "5"]
[White "Szczepaniak, Lukasz"]
[Black "Suchocki, Tomasz"]
[Result "1-0"]
[WhiteElo "1416"]
[BlackElo "1957"]
[PlyCount "75"]
[EventDate "2012.06.22"]
[EventType "swiss"]
[EventRounds "7"]
[EventCountry "POL"]
[SourceTitle "EXT 2013"]
[Source "ChessBase"]
[SourceDate "2012.11.22"]
[SourceVersion "1"]
[SourceVersionDate "2012.11.22"]
[SourceQuality "1"]

1. e4 c5 2. Nf3 Nc6 3. d4 cxd4 4. Nxd4 g6 5. Nc3 Bg7 6. Be3 Nf6 7. Be2 0-0 8. 0-0 d5 9. exd5 Nxd5 10. Nxd5 Qxd5 11. Bf3 Qa5 12. Nxc6 bxc6 13. c3 Ba6 14. Re1 Rfd8 15. Qc1 Qc7 16. Rd1 Bd3 17. Bh6 Be5 18. Qe3 Bc2 19. Rxd8+ Rxd8 20. g3 Bf6 21. Rc1 Bf5 22. Qc5 Rd6 23. Re1 e5 24. Bg2 Qe7 25. Be3 a6 26. Qb6 Qe6 27. Qxa6 Bd3 28. Qa8+ Kg7 29. Bc5 Rd8 30. Qxc6 Qxa2 31. Qb6 e4 32. Bd4 Bxd4 33. Qxd8 Bxf2+ 34. Kxf2 Qxb2+ 35. Kg1 Qxc3 36. Rd1 Qc5+ 37. Kh1 Qf2 38. Qa5 1-0

[Event "Warsaw-ch opA 65th"]
[Site "Warsaw"]
[Date "2012.05.31"]
[Round "6"]
[White "Suchocki, Tomasz"]
[Black "Sielicki, Tomasz"]
[Result "1-0"]
[WhiteElo "1957"]
[BlackElo "2011"]
[PlyCount "47"]
[EventDate "2012.05.26"]
[EventType "swiss"]
[EventRounds "9"]
[EventCountry "POL"]
[SourceTitle "CBM 148 Extra"]
[Source "ChessBase"]
[SourceDate "2012.06.22"]
[SourceVersion "1"]
[SourceVersionDate "2012.06.22"]
[SourceQuality "1"]

1. d4 Nf6 2. Nf3 c5 3. d5 b5 4. c4 e6 5. Bg5 h6 6. Bxf6 Qxf6 7. Nc3 b4 8. Nb5 Na6 9. e4 d6 10. Qa4 Kd8 11. Qa5+ Ke8 12. Qa4 Kd8 13. Qa5+ Ke8 14. dxe6 Qxe6 15. 0-0-0 Be7 16. Bd3 Kf8 17. Rhe1 Bb7 18. e5 d5 19. cxd5 Bxd5 20. Nd6 Nb8 21. Bf5 Bxf3 22. Bxe6 Bxd1 23. Bd5 Bxd6 24. Qd8# 1-0

[Event "Warsaw-ch opA 65th"]
[Site "Warsaw"]
[Date "2012.05.30"]
[Round "5"]
[White "Gasik, Piotr"]
[Black "Suchocki, Tomasz"]
[Result "1-0"]
[WhiteElo "2127"]
[BlackElo "1957"]
[PlyCount "105"]
[EventDate "2012.05.26"]
[EventType "swiss"]
[EventRounds "9"]
[EventCountry "POL"]
[SourceTitle "CBM 148 Extra"]
[Source "ChessBase"]
[SourceDate "2012.06.22"]
[SourceVersion "1"]
[SourceVersionDate "2012.06.22"]
[SourceQuality "1"]

1. c4 e6 2. Nc3 f5 3. e4 fxe4 4. Qh5+ g6 5. Qe5 Qf6 6. Qxe4 Bg7 7. Nf3 Nc6 8. Be2 Qf5 9. Qxf5 gxf5 10. Nb5 Kd8 11. d3 a6 12. Nc3 d6 13. Bg5+ Bf6 14. 0-0-0 Bd7 15. d4 Nce7 16. Rhe1 h6 17. Be3 Ng6 18. g3 Be7 19. Nd2 Nf6 20. f4 Bc6 21. Bd3 Bd7 22. Bg1 c6 23. Nf3 d5 24. Ne5 Nxe5 25. dxe5 Ne4 26. Na4 Ke8 27. Kb1 Kf7 28. Nb6 Rad8 29. Nxd7 Rxd7 30. Bxe4 fxe4 31. Rxe4 Rhd8 32. cxd5 Rxd5 33. Rxd5 cxd5 34. Re1 Kg6 35. Kc2 Kf5 36. Kd3 Rc8 37. Be3 Kg4 38. Rf1 h5 39. f5 exf5 40. Rf4+ Kh3 41. Rxf5 Kxh2 42. Rxh5+ Kxg3 43. Rh7 Re8 44. Kd4 Kf3 45. Bh6 Kg4 46. Rf7 Kh5 47. Bd2 Kg6 48. e6 Bf6+ 49. Kxd5 Rd8+ 50. Rd7 Kf5 51. Rxd8 Bxd8 52. Kd6 Kf6 53. Bc3+ 1-0

[Event "Warsaw-ch opA 65th"]
[Site "Warsaw"]
[Date "2012.05.26"]
[Round "1"]
[White "Jarmula, Pawel"]
[Black "Suchocki, Tomasz"]
[Result "1-0"]
[WhiteElo "2225"]
[BlackElo "1957"]
[PlyCount "63"]
[EventDate "2012.05.26"]
[EventType "swiss"]
[EventRounds "9"]
[EventCountry "POL"]
[SourceTitle "CBM 148 Extra"]
[Source "ChessBase"]
[SourceDate "2012.06.22"]
[SourceVersion "1"]
[SourceVersionDate "2012.06.22"]
[SourceQuality "1"]

1. e4 c6 2. d4 d5 3. e5 c5 4. dxc5 e6 5. Be3 Nc6 6. Nf3 Nh6 7. c3 Qc7 8. Bd4 Ng4 9. Bb5 Bd7 10. Bxc6 Qxc6 11. b4 a5 12. 0-0 axb4 13. cxb4 b6 14. cxb6 Bxb4 15. Qb3 Qa4 16. Qxa4 Bxa4 17. a3 Ba5 18. Nc3 Bc6 19. Rfb1 Kd7 20. Nb5 Rhf8 21. Nc7 Rad8 22. Na6 Kc8 23. b7+ Bxb7 24. Rc1+ Kd7 25. Nc5+ Kc8 26. Nxe6+ Kb8 27. Nxf8 Rxf8 28. Bc5 Re8 29. h3 Nh6 30. Bd6+ Ka7 31. Nd4 Bb6 32. Nb5+ 1-0

[Event "Warsaw YMCA Autumn-B 83rd"]
[Site "Warsaw"]
[Date "2010.11.25"]
[Round "9"]
[White "Suchocki, Tomasz"]
[Black "Kielar, Maciej"]
[Result "1-0"]
[WhiteElo "1976"]
[BlackElo "2029"]
[PlyCount "157"]
[EventDate "2010.09.23"]
[EventType "tourn"]
[EventRounds "13"]
[EventCountry "POL"]
[SourceTitle "EXT 2019"]
[Source "ChessBase"]
[SourceDate "2018.10.10"]
[SourceVersion "1"]
[SourceVersionDate "2018.10.10"]
[SourceQuality "1"]

1. d4 g6 2. e4 Bg7 3. c4 c5 4. d5 b5 5. Nf3 Nf6 6. Qc2 d6 7. cxb5 a6 8. b6 0-0 9. Be2 Qxb6 10. 0-0 Bd7 11. Nbd2 Bb5 12. Nc4 Qb7 13. Bd2 Nbd7 14. Ba5 Rab8 15. Rab1 Nh5 16. Rfd1 Nf4 17. Bf1 h6 18. g3 Nh5 19. Bc3 Nhf6 20. Na5 Qc7 21. Bg2 Nb6 22. Nd2 Na4 23. Ndc4 Nxc3 24. bxc3 Qd7 25. Nc6 Bxc6 26. dxc6 Qe6 27. Nb6 Ng4 28. c7 Rbe8 29. Bh3 f5 30. exf5 gxf5 31. Qb3 Kf7 32. Qxe6+ Kxe6 33. Re1+ Kf7 34. Rb3 Ne5 35. Bg2 Rc8 36. Nxc8 Rxc8 37. Rb7 e6 38. Reb1 Ke7 39. R1b6 a5 40. Ra7 Kd7 41. Rb8 Bf6 42. Rxc8 Kxc8 43. Rxa5 Kxc7 44. Ra7+ Kb6 45. Rh7 d5 46. Rxh6 Nd7 47. Rh7 Kc7 48. c4 dxc4 49. Bf1 Kd6 50. Bxc4 Nb6 51. Rf7 Bd4 52. Bb3 c4 53. Bd1 Nd7 54. Rxd7+ Kxd7 55. Kf1 e5 56. Ke2 Bc3 57. Bc2 Ke6 58. f3 Kf6 59. h4 Bb4 60. Kd1 Ba5 61. g4 e4 62. g5+ Ke5 63. fxe4 fxe4 64. g6 Kf6 65. Bxe4 Bc3 66. Kc2 Bd4 67. Kd1 Kg7 68. Ke2 Kh6 69. Kf3 Kh5 70. Kg3 Be5+ 71. Kh3 Bd4 72. a4 Be5 73. a5 Bd4 74. a6 Kh6 75. Kg4 Be3 76. Bc2 Kg7 77. Kf5 Bd4 78. Ke6 Ba7 79. Kd5 1-0

[Event "Warsaw YMCA Autumn-B 83rd"]
[Site "Warsaw"]
[Date "2010.11.11"]
[Round "7"]
[White "Jarmula, Pawel"]
[Black "Suchocki, Tomasz"]
[Result "1-0"]
[WhiteElo "1977"]
[BlackElo "1976"]
[PlyCount "71"]
[EventDate "2010.09.23"]
[EventType "tourn"]
[EventRounds "13"]
[EventCountry "POL"]
[SourceTitle "EXT 2019"]
[Source "ChessBase"]
[SourceDate "2018.10.10"]
[SourceVersion "1"]
[SourceVersionDate "2018.10.10"]
[SourceQuality "1"]

1. e4 c5 2. Nf3 e6 3. b3 d6 4. Bb2 e5 5. c3 Nf6 6. Qc2 Bg4 7. Be2 Nc6 8. Na3 Rc8 9. d3 Be7 10. Nc4 0-0 11. Ne3 Be6 12. 0-0 h6 13. Rfe1 Re8 14. Rad1 d5 15. exd5 Nxd5 16. Nxd5 Qxd5 17. d4 cxd4 18. Bc4 Qa5 19. Bxe6 fxe6 20. cxd4 Nxd4 21. Qe4 Nxf3+ 22. Qxf3 Bf6 23. Qxb7 Rc2 24. b4 Rxb2 25. Qc6 Qb6 26. Qxe8+ Kh7 27. Rf1 e4 28. Qa8 Rxb4 29. a3 Ra4 30. Qf8 e3 31. fxe3 Qxe3+ 32. Kh1 Qxa3 33. Rxf6 Rd4 34. Rxd4 Qa1+ 35. Rf1 Qxd4 36. Qf2 1-0

[Event "Warsaw YMCA Autumn-B 83rd"]
[Site "Warsaw"]
[Date "2010.09.23"]
[Round "1"]
[White "Sielicki, Tomasz"]
[Black "Suchocki, Tomasz"]
[Result "1/2-1/2"]
[WhiteElo "2022"]
[BlackElo "1976"]
[PlyCount "110"]
[EventDate "2010.09.23"]
[EventType "tourn"]
[EventRounds "13"]
[EventCountry "POL"]
[SourceTitle "EXT 2019"]
[Source "ChessBase"]
[SourceDate "2018.10.10"]
[SourceVersion "1"]
[SourceVersionDate "2018.10.10"]
[SourceQuality "1"]

1. d4 Nf6 2. Bg5 e6 3. e4 h6 4. Bxf6 Qxf6 5. Nc3 d6 6. Nf3 c6 7. Qd2 e5 8. dxe5 dxe5 9. 0-0-0 Nd7 10. Nb5 Rb8 11. Nxa7 Qf4 12. g3 Qxd2+ 13. Rxd2 f6 14. Nxc8 Rxc8 15. Bh3 Rc7 16. Rhd1 Nc5 17. Bf5 Kf7 18. Nh4 g5 19. Ng6 Rg8 20. Nxf8 Rxf8 21. b4 Na6 22. Rd7+ Kg8 23. Rxc7 Nxc7 24. Rd7 Rf7 25. a4 Kf8 26. Rxf7+ Kxf7 27. Kb2 Ke7 28. Kb3 b6 29. a5 bxa5 30. bxa5 Kd6 31. Kc4 Nb5 32. a6 Kc7 33. Kc5 Nd4 34. c3 Nb5 35. c4 Nd4 36. Bg4 Nb3+ 37. Kb4 Nd2 38. Bf5 Kb6 39. Kc3 Nf3 40. Bc8 Nxh2 41. c5+ Ka7 42. Bd7 Kxa6 43. Bxc6 Ka7 44. Bd7 Kb8 45. Kd3 Kc7 46. c6 Nf3 47. Kc4 h5 48. Kd5 Nd2 49. Bf5 h4 50. Ke6 h3 51. Bxh3 Nxe4 52. Bg2 Nxf2 53. Kxf6 e4 54. Kxg5 Kxc6 55. Kf4 Kd5 1/2-1/2

[Event "Warsaw Najdorf Memorial op-B"]
[Site "Warsaw"]
[Date "2010.07.21"]
[Round "6"]
[White "Nowicki, Bartosz"]
[Black "Suchocki, Tomasz"]
[Result "1/2-1/2"]
[WhiteElo "2067"]
[BlackElo "1978"]
[PlyCount "53"]
[EventDate "2010.07.17"]
[EventType "swiss"]
[EventRounds "9"]
[EventCountry "POL"]
[SourceTitle "CBM 137 Extra"]
[Source "ChessBase"]
[SourceDate "2010.09.01"]
[SourceVersion "1"]
[SourceVersionDate "2010.09.01"]
[SourceQuality "1"]

1. e4 e6 2. d4 d5 3. Nd2 Nf6 4. e5 Nfd7 5. Bd3 c5 6. c3 Nc6 7. Ngf3 g6 8. 0-0 Bg7 9. Qe2 0-0 10. Rd1 cxd4 11. cxd4 f6 12. exf6 Qxf6 13. Nb3 e5 14. Bg5 Qf7 15. dxe5 Ndxe5 16. Nxe5 Nxe5 17. Nd4 Bd7 18. Bb5 Rae8 19. Bxd7 Qxd7 20. Qb5 Qf7 21. f3 a6 22. Qb3 h6 23. Be3 Nc4 24. Bf2 Re7 25. Rd3 Rfe8 26. Rad1 Kh7 27. Qb4 1/2-1/2

[Event "Warsaw YMCA Spring-C 76th"]
[Site "Warsaw"]
[Date "2010.06.08"]
[Round "7"]
[White "Suchocki, Tomasz"]
[Black "Sielicki, Tomasz"]
[Result "1/2-1/2"]
[WhiteElo "1986"]
[BlackElo "2036"]
[PlyCount "87"]
[EventDate "2010.04.08"]
[EventType "tourn"]
[EventRounds "11"]
[EventCountry "POL"]
[SourceTitle "EXT 2011"]
[Source "ChessBase"]
[SourceDate "2010.11.26"]
[SourceVersion "1"]
[SourceVersionDate "2010.11.26"]
[SourceQuality "1"]

1. e4 d6 2. d4 g6 3. g3 Bg7 4. Bg2 c5 5. dxc5 Qa5+ 6. c3 dxc5 7. Ne2 Nc6 8. 0-0 Nf6 9. Na3 0-0 10. Nc4 Qa6 11. Ne3 Rd8 12. Qc2 e6 13. Rd1 Bd7 14. g4 Ne5 15. g5 Nh5 16. f4 Bb5 17. fxe5 Bxe2 18. Re1 Bd3 19. Qf2 Rd7 20. Ng4 Rad8 21. Be3 b6 22. Qh4 Be2 23. Bf1 Bxf1 24. Rxf1 Qe2 25. Rf2 Rd1+ 26. Rxd1 Rxd1+ 27. Kg2 Qe1 28. Kh3 Rd3 29. Rf3 Qe2 30. Qf2 Qxf2 31. Nxf2 Rd7 32. Ng4 Rd1 33. Kg2 Kf8 34. Rf2 Ke8 35. Rd2 Rxd2+ 36. Bxd2 Kd7 37. c4 Kc6 38. Kf3 a6 39. Ke2 Kc7 40. Kd3 Bf8 41. b3 Kc6 42. Ke2 Kc7 43. Kf3 Kc6 44. Be3 1/2-1/2

[Event "Warsaw YMCA Spring-C 76th"]
[Site "Warsaw"]
[Date "2010.05.27"]
[Round "8"]
[White "Suchocki, Tomasz"]
[Black "Nowicki, Bartosz"]
[Result "1/2-1/2"]
[WhiteElo "1986"]
[BlackElo "1985"]
[PlyCount "82"]
[EventDate "2010.04.08"]
[EventType "tourn"]
[EventRounds "11"]
[EventCountry "POL"]
[SourceTitle "EXT 2011"]
[Source "ChessBase"]
[SourceDate "2010.11.26"]
[SourceVersion "1"]
[SourceVersionDate "2010.11.26"]
[SourceQuality "1"]

1. d4 f5 2. g3 Nf6 3. Bg2 e6 4. c4 d5 5. Nh3 c6 6. Qc2 Bd6 7. 0-0 0-0 8. Nd2 Qe7 9. Nf3 Nbd7 10. Bf4 e5 11. dxe5 Nxe5 12. Nxe5 Bxe5 13. Bxe5 Qxe5 14. Nf4 Be6 15. Nxe6 Qxe6 16. cxd5 cxd5 17. e3 Rfd8 18. Rfd1 Ne4 19. Rd4 Rac8 20. Qb3 b6 21. Rad1 Rc5 22. a3 Rd7 23. h4 Kf7 24. Bf3 Ke7 25. Kg2 Qc6 26. Bxe4 fxe4 27. R1d2 Rc4 28. Qd1 Rxd4 29. Rxd4 Qe6 30. Rd2 Qf5 31. Rc2 h6 32. Qd4 Qf6 33. Qxf6+ Kxf6 34. g4 Ke5 35. Rc8 d4 36. Re8+ Kd5 37. exd4 Kxd4 38. Kg3 Rf7 39. Rd8+ Kc4 40. Re8 Kd3 41. a4 Rf3+ 1/2-1/2

[Event "Warsaw YMCA Spring-C 76th"]
[Site "Warsaw"]
[Date "2010.04.29"]
[Round "4"]
[White "Szymczak, Rafal"]
[Black "Suchocki, Tomasz"]
[Result "1-0"]
[WhiteElo "2049"]
[BlackElo "1986"]
[PlyCount "95"]
[EventDate "2010.04.08"]
[EventType "tourn"]
[EventRounds "11"]
[EventCountry "POL"]
[SourceTitle "EXT 2011"]
[Source "ChessBase"]
[SourceDate "2010.11.26"]
[SourceVersion "1"]
[SourceVersionDate "2010.11.26"]
[SourceQuality "1"]

1. f4 d5 2. Nf3 g6 3. g3 Bg7 4. Bg2 Nf6 5. 0-0 0-0 6. d3 c5 7. Nc3 d4 8. Na4 Qd6 9. c4 Nc6 10. a3 Bg4 11. Bd2 Rac8 12. b4 Bxf3 13. Bxf3 b6 14. Qb3 e5 15. b5 Ne7 16. fxe5 Qxe5 17. Nb2 Nf5 18. Nd1 h5 19. Bf4 Qe7 20. a4 Ng4 21. a5 Nfe3 22. Bxe3 dxe3 23. Ra2 Qg5 24. axb6 axb6 25. Nc3 Be5 26. Ne4 Qd8 27. Bxg4 hxg4 28. Ra7 f5 29. Nc3 Rf7 30. Rfa1 Qd6 31. Rxf7 Kxf7 32. Ra7+ Kg8 33. Kg2 f4 34. gxf4 Bxf4 35. Ne4 Qe5 36. Qc3 Rf8 37. Qxe5 Bxe5 38. Re7 Rf5 39. Re6 Kf7 40. Rxb6 Rh5 41. Ng3 Bxg3 42. Kxg3 Rh3+ 43. Kxg4 Rxh2 44. Kf3 Rh3+ 45. Kf4 g5+ 46. Kxg5 Rh2 47. Kf4 Rxe2 48. Kf3 1-0

[Event "POL-chT 2nd League"]
[Site "Miedzyzdroje"]
[Date "2009.09.12"]
[Round "1"]
[White "Barwinski, Dionizy"]
[Black "Suchocki, Tomasz"]
[Result "1-0"]
[WhiteElo "2204"]
[BlackElo "1962"]
[PlyCount "53"]
[EventDate "2009.09.12"]
[EventType "team-swiss"]
[EventRounds "9"]
[EventCountry "POL"]
[SourceTitle "EXT 2019"]
[Source "ChessBase"]
[SourceDate "2018.10.10"]
[SourceVersion "1"]
[SourceVersionDate "2018.10.10"]
[SourceQuality "1"]
[WhiteTeam "Pultusk Nadnarwianka"]
[BlackTeam "Izabelin SSz Parazauroloff"]
[WhiteTeamCountry "POL"]
[BlackTeamCountry "POL"]

1. d4 Nf6 2. c4 g6 3. Nc3 d5 4. Bg5 Ne4 5. Bh4 Nxc3 6. bxc3 dxc4 7. e3 Be6 8. Nf3 Qd5 9. Be2 Nd7 10. 0-0 0-0-0 11. Nd2 Nb6 12. a4 Qa5 13. Qc2 h5 14. Rfb1 c6 15. h3 g5 16. Bg3 h4 17. Bh2 f5 18. Be5 Rg8 19. Rb4 Bg7 20. Bh2 Rdf8 21. Nxc4 Bxc4 22. Bxc4 Nxc4 23. Rxc4 e6 24. Rb1 f4 25. Rc5 Qd8 26. Qe4 Qf6 27. Rxb7 1-0

[Event "Warsaw City-ch"]
[Site "Warsaw"]
[Date "2008.09.27"]
[Round "1"]
[White "Suchocki, Tomasz"]
[Black "Marszalek, Maciej"]
[Result "0-1"]
[WhiteElo "1957"]
[BlackElo "2383"]
[PlyCount "62"]
[EventDate "2008.09.27"]
[EventType "swiss"]
[EventRounds "9"]
[EventCountry "POL"]
[SourceTitle "EXT 2010"]
[Source "ChessBase"]
[SourceDate "2010.11.25"]
[SourceVersion "1"]
[SourceVersionDate "2010.11.25"]
[SourceQuality "1"]

1. Nf3 Nf6 2. c4 e6 3. g3 d5 4. Bg2 Be7 5. 0-0 0-0 6. b3 c5 7. Bb2 Nc6 8. e3 b6 9. Qe2 Ba6 10. Rd1 Qc7 11. d3 Rfd8 12. Nbd2 b5 13. a3 bxc4 14. bxc4 Rab8 15. Rdb1 Qa5 16. Be5 Nxe5 17. Nxe5 Qc7 18. f4 Nd7 19. Ndf3 Nxe5 20. fxe5 dxc4 21. dxc4 Qa5 22. Rxb8 Rxb8 23. Qc2 Qb6 24. Rc1 g6 25. h4 Kg7 26. Nd2 Qb2 27. Qc3 g5 28. hxg5 Bxg5 29. Nf1 Bd8 30. Rc2 Qxc3 31. Rxc3 Bc7 0-1

[Event "Milanowek-chA 14th"]
[Site "Milanowek"]
[Date "2008.06.29"]
[Round "9.8"]
[White "Suchocki, Tomasz"]
[Black "Grochulski, Grzegorz"]
[Result "0-1"]
[WhiteElo "1965"]
[BlackElo "1821"]
[PlyCount "82"]
[EventDate "2008.06.21"]
[EventType "swiss"]
[EventRounds "7"]
[EventCountry "POL"]
[SourceTitle "EXT 2023"]
[Source "ChessBase"]
[SourceDate "2022.10.05"]
[SourceVersion "1"]
[SourceVersionDate "2022.10.05"]
[SourceQuality "1"]

1. f4 c5 2. Nf3 g6 3. e4 Bg7 4. Nc3 Nc6 5. Bc4 d6 6. 0-0 e6 7. d3 Nge7 8. Qe1 0-0 9. Bb3 Rb8 10. Ne2 b5 11. c3 b4 12. Bd2 a5 13. Qh4 Ba6 14. Bc4 Bxc4 15. dxc4 a4 16. Rac1 b3 17. a3 Na5 18. f5 exf5 19. Ng5 h6 20. Ng3 hxg5 21. Bxg5 f6 22. Bh6 g5 23. Qh3 f4 24. Qe6+ Kh7 25. Bxg7 Kxg7 26. Nh5+ Kg6 27. Nxf4+ gxf4 28. Rxf4 Kg7 29. Qg4+ Ng6 30. h4 Kf7 31. Qh5 Rh8 32. Qd5+ Ke7 33. Rg4 Qg8 34. Qf5 Qe6 35. Rxg6 Qxf5 36. exf5 Rxh4 37. Re1+ Kd7 38. Rxf6 Nxc4 39. Rf7+ Kc6 40. Re2 Nxa3 41. Ra7 Nb5 0-1

[Event "Milanowek-chA 14th"]
[Site "Milanowek"]
[Date "2008.06.28"]
[Round "8.8"]
[White "Goslawski, Michal"]
[Black "Suchocki, Tomasz"]
[Result "1/2-1/2"]
[WhiteElo "1851"]
[BlackElo "1965"]
[PlyCount "40"]
[EventDate "2008.06.21"]
[EventType "swiss"]
[EventRounds "7"]
[EventCountry "POL"]
[SourceTitle "EXT 2023"]
[Source "ChessBase"]
[SourceDate "2022.10.05"]
[SourceVersion "1"]
[SourceVersionDate "2022.10.05"]
[SourceQuality "1"]

1. d4 Nf6 2. Nf3 g6 3. c4 Bg7 4. Nc3 d5 5. cxd5 Nxd5 6. e4 Nxc3 7. bxc3 c5 8. Rb1 0-0 9. Be2 cxd4 10. cxd4 Qa5+ 11. Bd2 Qxa2 12. 0-0 Qe6 13. Qc2 b6 14. Bc4 Qd7 15. Bb5 Qd8 16. Bf4 Bb7 17. Rfc1 Nd7 18. Bc7 Qc8 19. Qa4 Nf6 20. e5 Nd5 1/2-1/2

[Event "Milanowek-chA 14th"]
[Site "Milanowek"]
[Date "2008.06.27"]
[Round "7.6"]
[White "Suchocki, Tomasz"]
[Black "Sliwerski, Radoslaw"]
[Result "1/2-1/2"]
[WhiteElo "1965"]
[BlackElo "2210"]
[PlyCount "43"]
[EventDate "2008.06.21"]
[EventType "swiss"]
[EventRounds "7"]
[EventCountry "POL"]
[SourceTitle "EXT 2023"]
[Source "ChessBase"]
[SourceDate "2022.10.05"]
[SourceVersion "1"]
[SourceVersionDate "2022.10.05"]
[SourceQuality "1"]

1. c4 e5 2. g3 Nf6 3. Bg2 d5 4. cxd5 Nxd5 5. Nc3 Nb6 6. Nf3 Nc6 7. 0-0 Be7 8. a3 0-0 9. b4 Be6 10. Rb1 a6 11. Ne4 Bf5 12. Qc2 Bxe4 13. Qxe4 f5 14. Qe3 e4 15. Ne1 Nd4 16. Bb2 c5 17. bxc5 Bxc5 18. Bxd4 Bxd4 19. Qb3+ Kh8 20. d3 Nd5 21. Nc2 Nc3 22. Rbe1 1/2-1/2

[Event "Milanowek-chA 14th"]
[Site "Milanowek"]
[Date "2008.06.21"]
[Round "1.15"]
[White "Suchocki, Tomasz"]
[Black "Krzyzewski, Radoslaw"]
[Result "1-0"]
[WhiteElo "1965"]
[BlackElo "1685"]
[PlyCount "31"]
[EventDate "2008.06.21"]
[EventType "swiss"]
[EventRounds "7"]
[EventCountry "POL"]
[SourceTitle "EXT 2023"]
[Source "ChessBase"]
[SourceDate "2022.10.05"]
[SourceVersion "1"]
[SourceVersionDate "2022.10.05"]
[SourceQuality "1"]

1. c4 c5 2. Nf3 Nc6 3. d4 cxd4 4. Nxd4 Nxd4 5. Qxd4 Nf6 6. Nc3 e6 7. g3 d5 8. Bg2 dxc4 9. Qxc4 a6 10. 0-0 Be7 11. Rd1 Nd7 12. Ne4 Qb6 13. Be3 Qb4 14. Qc7 Nf6 15. Bc5 Nd5 16. Rxd5 1-0